00636nam a22001457a 4500003000400000005001700004008004100021040001400062100007200076245016300148260001000311300003200321500011000353504002700463OSt20171010095534.0121008t xxu||||| |||| 00| 0 eng d aMMSUcULS aClemente, Julius B., Simpliciano, Rosetan J., Pascua, Orlino T. Jr. aDetermination of energy savings from air conditioning units through different mode settings cJulius B. Clemente, Rosetan J. Simpliciano, Orlino T. Pascua Jr. c2008  aviii, [70] leaves c28 cm.  aThesis (BS Electrical Engineering) -- Mariano Marcos State University-College of Engineering, Batac City  aBibliography: leaf 29